Most Valuable Brands II Quiz Stats

 Plays Quiz Updated Jan 26, 2018

Challenge
Share
Tweet
Embed
Score 0/80 Timer 10:00
3 Plays Today
Category Brand Name % Correct
Fast FoodMcDonald's
95.2%
Soft DrinksCoca-Cola
92.1%
Fast FoodBurger King
89.1%
Soft DrinksPepsi
87.1%
BeerBudweiser
76%
Fast FoodPanera
71.2%
Soft DrinksSprite
70%
Oil/GasShell
67.1%
Oil/GasBP
64.5%
Fast FoodChipotle
61%
Fast FoodKFC
55.2%
Soft DrinksRed Bull
54.7%
Fast FoodSubway
49.3%
LuxuryCartier
46.6%
ApparelNike
45.7%
Soft DrinksNescafé
45.4%
Oil/GasExxonMobil
44.5%
Fast FoodPizza Hut
44%
BeerBud Light
43.2%
LuxuryGucci
42.5%
LuxuryLouis Vuitton
42.2%
BeerHeineken
41.3%
Soft DrinksTropicana
40.7%
CarsToyota
38.8%
BeerCoors Light
38.3%
ApparelAdidas
38.1%
CarsNissan
37.3%
Soft DrinksFanta
36%
Soft DrinksDiet Coke
34.6%
BeerCorona
34.1%
Oil/GasConocoPhilips
32.5%
BeerGuinness
31.4%
Soft DrinksLipton
30.6%
Fast FoodDomino's Pizza
30.1%
Oil/GasSinopec
25.7%
Personal Care/ToiletriesColgate
24.9%
Personal Care/ToiletriesEstée Lauder
24.5%
CarsBMW
23.7%
Fast FoodStarbucks
23.6%
LuxuryBurberry
23.6%
Category Brand Name % Correct
CarsAudi
22.7%
Oil/GasChevron
22.3%
ApparelLululemon
17.8%
ApparelRalph Lauren
17.4%
ApparelUnder Armour
17.1%
Personal Care/ToiletriesGillette
17%
ApparelVictoria's Secret
16.9%
BeerStella Artois
14.5%
LuxuryHermès
14.2%
CarsMercedes-Benz
14%
CarsHonda
13.3%
Personal Care/ToiletriesL'Oreal Paris
12.6%
Oil/GasTotal
12%
BeerAguila
11.9%
ApparelH&M
10.8%
BeerBrahma
9.2%
CarsFord
8.5%
LuxuryChanel
6.7%
Personal Care/ToiletriesNivea
5.8%
CarsPorsche
5.8%
ApparelZara
5%
Personal Care/ToiletriesDove
4.9%
Personal Care/ToiletriesOlay
4.5%
Personal Care/ToiletriesGarnier
4.2%
Personal Care/ToiletriesClinique
4.2%
Oil/GasRosneft
3.7%
LuxuryTiffany & Co
3.2%
Soft DrinksNespresso
3.1%
Fast FoodTim Hortons
3.1%
CarsTesla
2.8%
LuxuryRolex
2.7%
ApparelNext
1.9%
CarsLand Rover
1.7%
ApparelUniqlo
1.5%
Personal Care/ToiletriesLancôme
1.4%
BeerSkol
1.2%
LuxuryPrada
1%
Oil/GasPetroChina
0.8%
Oil/GasGazprom
0.8%
LuxuryChristian Dior
0.6%

You're not logged in!

Compare scores with friends on all Sporcle quizzes.
OR
Log In

You Might Also Like...

Show Comments

Extras

Top Quizzes Today


Score Distribution

Your Account Isn't Verified!

In order to create a playlist on Sporcle, you need to verify the email address you used during registration. Go to your Sporcle Settings to finish the process.

Report this User

Report this user for behavior that violates our Community Guidelines.

Details: